000 00617nam a2200205 4500
003 OSt
005 20240625022226.0
006 a
008 240625b |||||||| |||| 00| 0 eng d
020 _a9780135111437
040 _aDWCL-Main lib.
_cOC
082 _2Tenth, Global edition
_aCirc. 658.5 H473o 2011
100 _aHeizer, Jay
245 _aOperations management /
260 _aBoston :
_bPearson Education, Inc. ,
_cc2011.
300 _bvarious paging : ill. ;
_e28 cm.
504 _aIncludes bibliographical references & index.
650 _a1. Production Management.
942 _2ddc
_n0
_cBK-CIRC
_kCirc.
999 _c1281
_d1281